000 00619nam a2200205Ia 4500
003 GCL
008 140319s9999 xx 000 0 ara d
040 _aGCL /
_cGCL
082 0 4 _a150
_bف ع
100 1 _aفرج عبدالقادر طه
245 1 0 _aعلم النفس وقضايا العصر /
_cفرج عبدالقادر طه
260 _a[S.N] :
_bدار المعارف ،
_c1993
300 _a412 ص
490 _a
650 0 4 _aعلم النفس
650 0 4 _aالتحليل النفسى
650 0 4 _aعلم النفس التطبيقى
650 0 4 _aعلم النفس الصناعى
942 _2ddc
_cBK
999 _c55073
_d55073